Movies Quiz

Random Movies or James Bond Quiz
Score 0/15 Timer 06:00
0 Plays Today
Hint Answer % Correct
OscorpSpiderman
82.7%
LexCorpSuperman
75%
SPECTREJames Bond
73.1%
Cyberdyne SystemsTerminator
69.2%
BiffCoBack To The Future
63.5%
Soylent CorporationSoylent Green
61.5%
InGenJurassic Park
57.7%
Weyland-YutaniAlien
57.7%
Hint Answer % Correct
Umbrella CorporationResident Evil
55.8%
Tyrell CorporationBlade Runner
46.2%
Omni Consumer ProductsRobocop
44.2%
Buy N LargeWall-E
34.6%
The New Founding Fathers of AmericaThe Purge
30.8%
LIVE CorpCloudy With a Chance of Meatballs
11.5%
Blue SunSerenity
7.7%
Remove Ads.
Support Sporcle.
Get the best of Sporcle when you Go Orange. This ad-free experience offers more features, more stats, and more fun while also helping to support Sporcle. Thank you for becoming a member.

You're not logged in!

Compare scores with friends on all Sporcle quizzes.
OR
Log In

Show Comments

Extras

Top Quizzes Today


Score Distribution

Your Account Isn't Verified!

In order to create a playlist on Sporcle, you need to verify the email address you used during registration. Go to your Sporcle Settings to finish the process.

Report this User

Report this user for behavior that violates our Community Guidelines.

Details: